Servicios ecosistémicos y riesgo de su pérdida para las comunidades indígenas. (Registro nro. 20579)

Detalles MARC
000 -CABECERA
Campo de control 01476nam a22003257a 4500
005 - FECHA Y HORA DE LA ULTIMA TRANSACCION
Campo de control 20191108122439.0
008 - ELEMENTOS DE LONGITUD FIJA—INFORMACION GENERAL
Campo de control 191108b xxu||||| |||| 00| 0 spa d
020 ## - ISBN
ISBN 9789588915685
040 ## - FUENTE DE CATALOGACIÓN
Agencia catalogadora original CO-BoIAVH
Agencia transcriptora CO-BoIAVH
041 ## - IDIOMA
Código de idioma para texto/pista de sonido o título separado Español
044 ## - PAÍS DE PUBLICACIÓN
País de publicación Colombia
082 ## - NUMERO DE CLASIFICACION DECIMAL DEWEY
Número de clasificación 577.1068
Número del ítem H54s
100 ## - ASIENTO PRINCIPAL--NOMBRE PERSONAL
9 (RLIN) 12430
Nombre personal Hildebrand, Patricio von
245 ## - MENCION DE TITULO
Título Servicios ecosistémicos y riesgo de su pérdida para las comunidades indígenas.
Parte restante del título Orientaciones técnicas para la caracterización y mapeo de servicios ecosistémicos y la evaluación del riesgo de su eventual pérdida en las comunidades indígenas.
250 ## - MENCION DE EDICION
Mención de edición Primera edición
260 ## - PUBLICACION, DISTRIBUCION, ETC. (PIE DE IMPRENTA)
Lugar de publicación, distribución, etc. Bogotá:
Nombre del editor, distribuidor, etc. WWF Colombia,
-- Fundacion Puerto rastrojo,
Fecha de publicación, distribución, etc. 2018.
300 ## - DESCRIPCION FISICA
Extensión 119 Páginas:
Otros detalles físicos Tablas, ilustraciones y mapas,
Dimensiones 28 x 22 cm.
490 ## - MENCION DE SERIE
Mención de serie Proyecto Inclusión de elementos claves de la propuesta indígena sobre REDD+ en la Amazonia, en estrategias regionales y nacionales y políticas de cambio climático.
650 #0 - ASIENTO SECUNDARIO DE MATERIA - TERMINO TEMATICO
9 (RLIN) 26783
Término temático o nombre geográfico como elemento de entrada Servicios Ecosistémicos
650 #0 - ASIENTO SECUNDARIO DE MATERIA - TERMINO TEMATICO
9 (RLIN) 1805
Término temático o nombre geográfico como elemento de entrada Comunidades indígenas
650 #0 - ASIENTO SECUNDARIO DE MATERIA - TERMINO TEMATICO
9 (RLIN) 2473
Término temático o nombre geográfico como elemento de entrada Conservación de ecosistemas
650 #0 - ASIENTO SECUNDARIO DE MATERIA - TERMINO TEMATICO
9 (RLIN) 72064
Término temático o nombre geográfico como elemento de entrada Biomas y ecosistemas
650 #0 - ASIENTO SECUNDARIO DE MATERIA - TERMINO TEMATICO
9 (RLIN) 77162
Término temático o nombre geográfico como elemento de entrada Gestión de riesgos
Subdivisión general planes de acción
Subdivisión geográfica Colombia
700 ## - ASIENTO SECUNDARIO - NOMBRE PERSONAL
9 (RLIN) 101959
Nombre personal de la Pava, Ricardo
700 ## - ASIENTO SECUNDARIO - NOMBRE PERSONAL
9 (RLIN) 101960
Nombre personal Lara de la Rosa, Irene
700 ## - ASIENTO SECUNDARIO - NOMBRE PERSONAL
9 (RLIN) 101961
Nombre personal Herrera Montaya, Johana
710 ## - ASIENTO SECUNDARIO - NOMBRE CORPORATIVO
9 (RLIN) 101962
Nombre corporativo o de jurisdicción como elemento de entrada Equipo técnico indígena de Azicatch
856 ## - LOCALIZACION Y ACCESO ELECTRONICOS
Identificador Uniforme del Recurso wwf.org.co
942 ## - ELEMENTOS ADICIONALES (KOHA)
Sistema de clasificación Dewey Decimal Classification
Tipo de ítem Libro
Existencias
Withdrawn status Lost status Sistema de Clasificación Damaged status No para préstamo Colección Ubicación Permanente Ubicación actual Fecha de adquisición Total Checkouts Número topográfico Inventario / Código de Barras Date last seen Ejemplar Price effective from Forma de adquisición Tipo de material
    Dewey Decimal Classification     General Bogotá Bogotá 08/11/2019   LB-577.1068 H54s 043771 08/11/2019 Ej.1 08/11/2019 Canje Libro